[Event "Tata Steel India 2018-Blitz"]
[Site "Kolkata"]
[Date "2018.11.13"]
[Round "9"]
[White "Karjakin, Sergey"]
[Black "So, Wesley"]
[Result "0-1"]
[WhiteElo "2753"]
[BlackElo "2765"]
[Annotator "TA"]
[PlyCount "92"]
[EventDate "2018.11.09"]
[EventType "tourn"]
[EventCountry "IND"]
[SourceTitle "playchess.com"]
[Source "ChessBase"]
[SourceQuality "1"]

{[%evp 26,92,16,12,18,11,18,20,22,31,46,51,69,19,48,47,57,40,81,74,108,14,81,53,45,40,36,26,49,49,49,40,43,40,44,25,37,38,67,67,60,35,41,47,59,14,65,16,54,72,300,0,0,0,0,0,0,-1956,-1830,-1325,0,0,0,0,0,0,0,0,0]} 1. e4 e5 2. Nf3 Nc6 3. Bb5 {[%cal Bf1b5,Bb5a4,Ba4b3,Bb3a2][%mdl 32]} a6 4. Ba4 Nf6 5. O-O Be7 6. Re1 b5 7. Bb3 O-O 8. a4 b4 9. d3 d6 10. Nbd2 Na5 11. Ba2 c5 12. c3 Rb8 13. Nc4 {C88: Closed Ruy Lopez: Anti-Marshall Systems} (13. d4 Qc7 14. dxe5 dxe5 15. Nc4 Nxc4 16. Bxc4 bxc3 17. bxc3 a5 18. Qc2 Nd7 19. Be3 Nb6 20. Bf1 Be6 {½-½ (70) Bruzon Batista,L (2673)-Ipatov,A (2665) Saint Louis 2018}) 13... Nc6 14. h3 {LiveBook: 13 Games} Be6 15. Ng5 Bd7 16. f4 h6 17. Nf3 {[%cal Rf4e5]} exf4 18. Bxf4 Be6 19. Ne3 $146 (19. d4 $5 {[%cal Rd4d5]} b3 20. Bxb3 Rxb3 21. d5 $11 (21. Qxb3 Na5 $15)) ({Predecessor:} 19. d4 cxd4 20. cxd4 b3 {0-1 (34) Stein,A (2412)-Atalik,S (2564) San Fransisco 2007}) 19... bxc3 20. bxc3 Rb2 21. Bd5 Qd7 ({Avoid the trap} 21... Nxd5 $2 22. exd5 Na5 23. dxe6 $18) 22. a5 ({Much weaker is} 22. Nc4 Rbb8 $11) 22... Rb5 {[#]} 23. Bh2 (23. d4 $1 $16) 23... Qc7 ({Don't go for} 23... Nxa5 $2 24. c4 $18) (23... Rxa5 $11 24. Qc2 Rxa1 25. Rxa1 Ra8) 24. Bxe6 fxe6 25. Nc4 Nd7 26. Qa4 Nde5 27. Nfxe5 dxe5 28. Bg3 Qd7 29. Qc2 Bd6 30. Rf1 Rxf1+ 31. Rxf1 Bc7 32. Qf2 $36 {[%mdl 2048] Threatens to win with Qf8+. White is pushing.} Qe8 33. Qf3 Rb3 34. Qd1 Rb7 35. Qg4 {Strongly threatening Rf6.} (35. Qa1 {feels hotter.} Rb5 36. Qa2 Kh8 37. Rf3 Kh7 38. Qf2) 35... Nxa5 ({Black should play} 35... Kh7 $1 $11) 36. Nxe5 {And now Rf6 would win.} Bxe5 37. Bxe5 {Hoping for Rf6.} Qd7 $2 (37... Rd7 $16 {is a better defense.}) 38. Bxg7 $2 (38. Qg6 $18) 38... Qxg7 $11 39. Qxe6+ Kh7 40. Rf6 Qg5 $1 41. Qxa6 $2 {[%mdl 8192] [#]} (41. Rf7+ $11 Rxf7 42. Qxf7+ Qg7 43. Qf5+ Qg6 44. Qxc5) 41... Rb1+ $1 $19 42. Kh2 Qe5+ $2 ({Black should try} 42... Rb2 $19 {[%csl Gb2][%cal Rg5g2]} 43. Qa7+ Nb7) 43. g3 $11 {The position is equal.} Rb2+ 44. Kh1 Rb1+ 45. Kg2 Rb2+ 46. Kh1 Qh5 {[%mdl 32768] Precision: White = 48%, Black = 28%. . Loss on Time!?} 0-1

[Event "Tata Steel India 2018-Blitz"]
[Site "Kolkata"]
[Date "2018.11.13"]
[Round "9"]
[White "Vidit, Santosh Gujrathi"]
[Black "Harikrishna, Pentala"]
[Result "1/2-1/2"]
[WhiteElo "2702"]
[BlackElo "2729"]
[Annotator "TA"]
[PlyCount "118"]
[EventDate "2018.11.09"]
[EventType "tourn"]
[EventCountry "IND"]
[SourceTitle "playchess.com"]
[Source "ChessBase"]
[SourceQuality "1"]

{[%evp 25,118,0,4,0,16,10,15,18,8,0,0,0,-12,-59,-59,-54,-12,-13,10,13,12,9,17,18,15,10,10,-14,-14,-12,-12,-14,-14,-19,-15,-25,-14,-23,-19,-45,-12,-22,-10,-17,-17,-25,0,0,0,0,0,-1,0,-4,0,0,8,0,0,0,0,0,0,0,0,0,0,0,0,0,0,0,0,0,0,0,8,8,8,8,8,0,0,0,8,0,0,-8,-8,-8,0,-8,-8,-8,-8]} 1. c4 Nf6 2. Nc3 e5 3. Nf3 Nc6 4. g3 d5 5. cxd5 Nxd5 6. Bg2 Nb6 7. O-O Be7 8. a3 O-O 9. d3 Be6 10. Be3 Nd5 {A29: English Opening: Four Knights Variation with 4 g3} (10... a5 11. Na4 Nd5 12. Bc5 b6 13. Bxe7 Ndxe7 14. Ng5 Bd5 15. Bxd5 Nxd5 16. Nf3 Qd7 17. Rc1 Rad8 18. Nc3 Nxc3 19. Rxc3 e4 {½-½ (40) Khismatullin,D (2634)-Vitiugov,N (2730) Satka 2018}) 11. Nxd5 Bxd5 12. Qa4 Re8 13. Rac1 a6 {LiveBook: 8 Games} 14. Nd2 Bxg2 15. Kxg2 Nd4 16. Bxd4 exd4 17. Nf3 c5 $146 ({Predecessor:} 17... Bf6 18. Rfe1 c6 19. b4 Qd7 20. Qb3 Re6 {½-½ (29) Lechtynsky,J (2369)-Hentze,M (2106) Germany 2014}) 18. b4 Qd5 19. b5 Qd7 20. Rb1 Bf8 21. Rfe1 Reb8 22. Qc4 axb5 23. Qxb5 Qxb5 (23... Qd5 {is more complex.} 24. a4 b6 25. Kg1 Rb7 26. Nd2 Ra5) 24. Rxb5 Rxa3 25. Reb1 Ra2 26. Rxb7 Rxb7 27. Rxb7 Rxe2 $11 {[%mdl 4096] Endgame KRB-KRN} 28. Kf1 Re7 29. Rb8 f6 30. Nd2 Kf7 31. Nc4 Ra7 32. g4 g6 33. Rb6 Be7 34. Rc6 Ra1+ 35. Ke2 $1 Rh1 36. Nb6 $1 {The position is equal.} Rxh2 37. Nd5 {And now Rc7 would win.} Bd8 {[#] Threatens to win with ...f5.} 38. Rxc5 f5 39. gxf5 gxf5 {White must now prevent ...Bh4.} 40. Nf4 Rh6 (40... Bh4 {is interesting.} 41. Rxf5+ Ke7 42. Kf3 Bxf2 43. Re5+ Kf6) 41. Rxf5+ Rf6 42. Rxf6+ Kxf6 {KB-KN} 43. Kf3 Kf5 44. Ne2 Bb6 45. Ng3+ Kg5 46. Ne4+ Kf5 47. Nd6+ Ke6 48. Nc4 Bc7 49. Ke4 h5 50. Nd2 h4 51. Nf3 Bd8 $1 52. Nxd4+ Kf6 53. Ne2 h3 54. Ng3 Kg5 55. f4+ Kg4 56. Nf1 Bc7 57. f5 Kg5 58. d4 h2 {[#]} 59. Nxh2 $1 {[%mdl 512]} Bxh2 {Precision: White = 64%, Black = 61%.} 1/2-1/2

[Event "Tata Steel India 2018-Blitz"]
[Site "Kolkata"]
[Date "2018.11.13"]
[Round "9"]
[White "Praggnanandhaa R"]
[Black "Nakamura, Hikaru"]
[Result "1/2-1/2"]
[WhiteElo "2530"]
[BlackElo "2746"]
[Annotator "TA"]
[PlyCount "144"]
[EventDate "2018.11.09"]
[EventType "tourn"]
[EventCountry "IND"]
[SourceTitle "playchess.com"]
[Source "ChessBase"]
[SourceQuality "1"]

{[%evp 9,144,0,34,21,17,30,47,41,110,58,157,0,0,-109,-101,-167,-153,-166,-162,-192,-181,-187,-186,-196,-183,-189,-179,-191,-170,-157,-135,-189,-56,-87,-87,-93,-85,-96,-96,-126,-118,-118,-86,-89,-75,-118,-91,-94,-84,-58,-29,-249,-167,-201,-201,-241,-247,-244,-249,-256,-251,-271,-269,-263,-241,-239,-248,-239,-235,-234,0,0,20,20,250,0,0,0,0,0,0,0,0,0,0,-4,3,0,0,0,0,0,0,0,0,0,0,0,0,0,0,0,0,0,0,0,0,0,0,0,0,0,0,0,0,0,0,0,0,0,0,0,0,0,0,0,0,0,0,0,0,0,0,0,0,0,0]} 1. Nf3 d5 2. g3 g6 3. c4 d4 4. b4 Bg7 5. Bg2 (5. d3 e5 6. Bg2 Ne7 7. O-O O-O 8. a4 a5 9. b5 c5 10. Ra2 Nf5 11. e3 dxe3 12. fxe3 Be6 13. Nc3 Nd6 14. e4 h6 15. Be3 Nd7 {1-0 (48) Duda,J (2724)-Kuzubov,Y (2663) Brest 2018}) 5... d3 6. Nc3 {A09: Réti Opening: 1 Nf3 d5 2 c4} dxe2 7. Qxe2 Nc6 $146 ({Predecessor:} 7... Bf5 8. Ne5 c6 9. b5 Nd7 10. Nxd7 Qxd7 11. bxc6 bxc6 {½-½ (69) Shirazi,K (2373)-Ulybin,M (2521) Cappelle-la-Grande 2013}) 8. b5 {White is slightly better.} Nb4 (8... Nd4 $14 9. Nxd4 Bxd4) 9. O-O (9. d4 $16) 9... Bf5 (9... Qd3 $14 10. Rb1 Qxe2 11. Nxe2 Nd3) 10. Ne5 $2 (10. d4 $1 $16) 10... Nd3 $11 11. g4 (11. Nf3 $11 {remains equal.}) 11... Bxe5 $17 12. gxf5 (12. Bxb7 $17 {keeps fighting.} Bxg4 13. Qxg4) 12... Qd4 $36 {[%mdl 2048] Black is on the roll.} 13. Ba3 Qf4 {[%csl Ge5][%cal Rf4h2]} 14. Rfd1 Qxh2+ 15. Kf1 {[#]} Qxg2+ $1 {[%mdl 512]} 16. Kxg2 Nf4+ 17. Kf3 Nxe2 18. Kxe2 Bxc3 (18... gxf5 19. d4 $17) 19. dxc3 Nf6 20. Rd3 (20. fxg6 $17 hxg6 21. Rh1) 20... O-O (20... gxf5 $19 {White must now prevent ...a6.} 21. Bc5 e5) 21. Kf3 {[#]} Rfe8 $1 22. Re1 e6 (22... gxf5 $6 23. Bxe7 h5 24. Rg1+ Ng4 25. Rd7 $14) 23. fxe6 fxe6 24. Bc1 e5 25. Kg2 Re6 26. Bg5 Rae8 27. Rde3 Nd7 28. Rd1 Rd6 29. Red3 Ree6 30. Be3 $2 (30. Bd8 $1 $11 {and White has nothing to worry.}) 30... b6 31. Rd5 Nf6 32. R5d2 Ne4 33. Rxd6 Rxd6 {[%mdl 4096] Endgame KRB-KRN} ({Resist} 33... cxd6 34. Rd3 $17) 34. Rb1 Rd3 ({Don't do} 34... Nxc3 35. Rb3 $19) 35. Rb4 Rxc3 36. Ra4 Nd6 37. Rxa7 Rxc4 38. a4 Nf5 39. Bd2 e4 $2 ({Black should try} 39... Nd4 $19 40. a5 bxa5 41. Rxa5 Kf7) 40. Bf4 $11 h6 41. Bxc7 {Strongly threatening a5.} Rc2 $2 {[#]} (41... e3 $1 $11 42. Kf3 Re4 43. fxe3 Rxe3+ 44. Kf4 Re6) 42. Kf1 $2 ({Stronger than} 42. Bxb6 e3 $11) ({Only move:} 42. a5 $1 $18) 42... e3 {The position is equal.} 43. fxe3 $1 Nxe3+ 44. Ke1 Nd5 45. Be5 Rc4 46. Kd2 Re4 47. Bb2 Kf8 48. Rd7 {a5 is the strong threat.} Nf4 49. Rd6 Rxa4 50. Rxb6 Ke8 51. Be5 Ra2+ 52. Kd1 Nd3 53. Bd4 Ra4 54. Bc3 Rc4 55. Bg7 g5 {[%cal Bg6g5,Bg5g4][%mdl 32]} 56. Bxh6 g4 57. Rg6 Kf7 58. Rg7+ Kf6 59. b6 Rb4 60. b7 Nc5 61. Rxg4 Rxb7 62. Be3 Ne6 63. Ke2 Ke5 64. Ra4 Rb3 65. Rg4 Ra3 66. Rb4 Kd5 67. Rb5+ Kc4 68. Re5 Ra6 69. Kf3 Rc6 70. Ke4 Nc7 71. Rc5+ Rxc5 72. Bxc5 Kxc5 {Precision: White = 58%, Black = 57%.} 1/2-1/2

[Event "Tata Steel India 2018-Blitz"]
[Site "Kolkata"]
[Date "2018.11.14"]
[Round "10"]
[White "Anand, Viswanathan"]
[Black "So, Wesley"]
[Result "1-0"]
[WhiteElo "2773"]
[BlackElo "2765"]
[Annotator "TA"]
[PlyCount "85"]
[EventDate "2018.11.09"]
[EventType "tourn"]
[EventCountry "IND"]
[SourceTitle "playchess.com"]
[Source "ChessBase"]
[SourceQuality "1"]

{[%evp 21,85,0,0,-14,0,21,14,20,11,-22,29,30,60,51,58,25,33,0,0,0,5,0,81,76,100,101,86,91,103,103,113,106,119,110,105,106,146,146,148,140,149,147,137,131,136,110,110,60,116,52,66,50,74,69,214,118,272,280,485,470,443,443,585,573,1141,1128]} 1. e4 c5 2. Nf3 d6 3. Bb5+ Nd7 4. O-O a6 5. Bxd7+ Bxd7 6. d4 cxd4 7. Qxd4 Rc8 {B51: Sizilianisch (Rossolimo-Variante)} 8. c4 e5 9. Qd3 b5 10. Na3 {[%cal Bb1a3,Ba3c2,Bc2e3][%mdl 32]} Qb6 11. Be3 Qb7 {LiveBook: 15 Partien} 12. Rac1 b4 $146 ({Vorgänger:} 12... Nf6 13. Nd2 Be7 14. Bg5 O-O 15. Rfd1 Bc6 16. Qe2 {0-1 (39) Rasulov,V (2505)-Najer,E (2658) Skopje 2015}) 13. Nc2 f5 14. Qd5 Qxd5 15. cxd5 a5 (15... Nf6 $142) 16. Bb6 $11 a4 17. Nd2 $36 {[%mdl 2048] Weiss hat gut koordiniertes Spiel.} ({Doch nicht} 17. Nxb4 Rb8 $17) 17... Nf6 18. Ne3 {Schwarz muss nun Txc8+ beachten.} Rb8 19. Bc7 Rb7 $1 20. exf5 Be7 21. Ba5 Kf7 (21... Rb5 $11 22. Ndc4 O-O) 22. Ndc4 Ra8 23. a3 bxa3 24. bxa3 Rb5 25. Bb4 Ra6 26. Rfd1 g6 27. fxg6+ hxg6 28. h3 {[%cal Bh2h3,Bh3h4][%mdl 32]} Bf5 29. f3 Ke8 {[%cal Bf7e8,Be8d8,Bd8d7][%mdl 32]} 30. Kf2 Kd8 31. g4 {[%cal Bg2g4,Bg4g5][%mdl 32]} Bd7 32. h4 Be8 33. g5 Nh5 34. Ng2 Bf7 {[#]} (34... Kd7 $1 $14) 35. Nce3 (35. Nxe5 $1 $16 dxe5 36. d6) 35... Kd7 $14 36. Rc4 Bd8 37. Rc6 Rbb6 (37... Rxc6 $14 38. dxc6+ Kxc6) 38. Bxd6 (38. Nc4 $18 Rxc6 39. dxc6+ Kxc6 40. Rxd6+ Kb5 41. Rxd8 Bxc4 42. Ne3) 38... Rb2+ $2 {[#]} (38... Rxc6 $16 {war angesagt.} 39. dxc6+ Rxc6 40. Bxe5+ Ke8) 39. Kg1 $18 Bb6 $2 (39... Rxc6 40. dxc6+ Kxc6) 40. Bc5 {Weiß steht klar auf Gewinn.} ({Finger weg von} 40. Bxe5 Rb5 $18) 40... Bxc5 41. Rxc5 ({Schwächer ist} 41. Rxa6 Rxg2+ 42. Kxg2 Bxe3 $18) 41... Ng3 42. Nc4 e4 43. Nxb2 {Precision: Weiß = 65%, Schwarz = 37%.} 1-0

[Event "Tata Steel India 2018-Blitz"]
[Site "Kolkata"]
[Date "2018.11.14"]
[Round "10"]
[White "Karjakin, Sergey"]
[Black "Mamedyarov, Shakhriyar"]
[Result "1/2-1/2"]
[WhiteElo "2753"]
[BlackElo "2817"]
[Annotator "TA"]
[PlyCount "146"]
[EventDate "2018.11.09"]
[EventType "tourn"]
[EventCountry "IND"]
[SourceTitle "playchess.com"]
[Source "ChessBase"]
[SourceQuality "1"]

{[%evp 18,146,19,17,18,16,18,20,37,25,22,15,16,4,17,0,21,0,9,0,8,4,4,-8,-3,-21,-3,-23,-33,-57,-47,-47,-22,-54,81,76,83,81,114,40,42,0,0,-21,-21,-21,-21,-21,-21,-18,-14,-20,-18,-9,-9,-2,0,0,0,-8,-8,-8,-8,-12,0,0,0,0,15,0,107,107,136,69,184,142,345,336,324,325,335,333,242,118,147,120,106,95,202,12,12,0,8,0,0,0,0,0,0,0,0,0,0,0,8,8,8,8,8,8,19,26,37,0,45,0,0,0,0,0,0,0,0,0,0,0,0,0,0,0,0]} 1. e4 c6 2. d4 d5 3. e5 Bf5 4. Nf3 e6 5. Be2 Ne7 6. c3 Nd7 7. O-O c5 8. dxc5 Nxc5 {B12: Caro-Kann: Advance Variation} (8... Nc6 9. Nd4 Bxb1 10. Rxb1 Bxc5 11. f4 O-O 12. Kh1 Rc8 13. Be3 Qe7 14. a3 a6 15. Bd3 g6 16. Qg4 Rc7 17. Qg3 Rfc8 18. Rbe1 Kh8 19. Qh3 Rg8 20. Bf2 Qd8 21. g4 Be7 22. Nf3 {1-0 (22) Topalov,V (2740)-Granda Zuniga,J (2641) Salamanca 2018}) 9. Nd4 Bg6 10. Be3 {LiveBook: 4 Games} Nd7 11. f4 Nf5 12. Bf2 $146 ({Predecessor:} 12. Nxf5 Bxf5 13. c4 dxc4 14. Nd2 c3 15. bxc3 Bc5 16. Nc4 {½-½ (50) Merrheim,X (2377)-Landero Luna,V (2330) ICCF email 2014}) 12... Be7 13. Nd2 (13. Nb3 {feels hotter.} h5 14. N1d2 Kf8 15. a4 b6 16. Nd4) 13... Nxd4 14. Bxd4 O-O 15. Nb3 b6 16. Bg4 Qc7 17. Qe2 Rfe8 18. Rae1 Bc5 19. Kh1 a5 20. Qe3 a4 21. Nd2 Bxd4 22. Qxd4 Qc5 23. a3 Qxd4 24. cxd4 Rac8 25. Rc1 Nb8 {[#]} (25... Bd3 $15 {keeps the upper hand.} 26. Rfd1 b5) 26. Be2 $1 $16 Red8 27. Bb5 Bc2 28. Rf3 (28. Kg1 $16) 28... Nc6 $14 29. Bxc6 (29. Ba6 {is interesting.} Rb8 30. Rxc2 Nxd4 31. Rc7 Nxf3 32. Nxf3 Ra8 33. Bb5) 29... Rxc6 30. Rc3 Rxc3 31. bxc3 $11 {[%mdl 4096] Endgame KRB-KRN} Bd3 32. Kg1 b5 33. Kf2 h5 34. Ke3 Bf5 35. Nf3 Rc8 36. Kd2 Be4 37. Rf1 f6 38. g3 Kf7 39. Ne1 {[#]} h4 $1 {[%mdl 512] Black wants to play ...hxg3.} 40. g4 (40. gxh4 Rh8) 40... h3 41. Nd3 Bxd3 42. Kxd3 {KR-KR} Rc7 43. Rf3 Ra7 (43... fxe5 $1 $11 44. fxe5+ Kg6) 44. Rxh3 $16 Ra8 45. Rh5 (45. exf6 $16 Kxf6 46. Re3) 45... Rc8 (45... fxe5 $1 $14 46. dxe5 (46. Rxe5 Rh8 $16) (46. fxe5 Kg6 $11) 46... Rc8) 46. h4 b4 $2 (46... fxe5 $16 47. Rxe5 g6) 47. cxb4 $18 Rc1 48. exf6 Kxf6 49. Rh8 Ra1 50. Rf8+ (50. h5 $18 {is more deadly.}) 50... Ke7 $16 51. Ra8 Rxa3+ 52. Kc2 Rf3 (52... Ra2+ $16 {is a better defense.} 53. Kc1 a3) 53. f5 $2 ({Not} 53. Rxa4 Rf2+ 54. Kd3 Rf3+ 55. Kd2 Rxf4 $14) ({White should play} 53. b5 $18) 53... exf5 $11 54. gxf5 a3 55. Ra7+ Kf6 56. b5 Rf2+ 57. Kc3 Rb2 58. Rxa3 (58. Ra6+ {is more complex.} Kxf5 59. Rxa3 Rxb5 60. Ra2 Rb8 61. Rg2) 58... Rxb5 59. Ra7 Rb1 60. Rd7 Rb5 61. h5 Rb8 62. Rxd5 Rh8 63. Rd6+ Kxf5 64. Kc4 Rc8+ 65. Kb5 Rh8 66. Kc6 Ke4 {The position is equal.} 67. d5 Rxh5 68. Re6+ Kf5 69. Re7 g5 70. d6 Rh1 71. d7 Rc1+ 72. Kb7 Rd1 73. Kc7 g4 {Precision: White = 39%, Black = 54%.} 1/2-1/2

[Event "Tata Steel India 2018-Blitz"]
[Site "Kolkata"]
[Date "2018.11.14"]
[Round "10"]
[White "Vidit, Santosh Gujrathi"]
[Black "Aronian, Levon"]
[Result "0-1"]
[WhiteElo "2702"]
[BlackElo "2765"]
[Annotator "TA"]
[PlyCount "92"]
[EventDate "2018.11.09"]
[EventType "tourn"]
[EventCountry "IND"]
[SourceTitle "playchess.com"]
[Source "ChessBase"]
[SourceQuality "1"]

{[%evp 18,92,32,35,31,32,36,0,0,0,0,0,0,0,0,0,6,7,8,2,15,7,15,0,0,0,0,0,64,-49,-58,-47,-54,-80,-77,-113,-82,-73,-59,-65,-62,-131,-65,-112,-106,-106,-112,-112,-106,-251,-104,-93,-100,-219,-109,-109,-109,-230,-219,-258,-208,-545,-470,-470,-318,-365,-345,-579,-575,-831,-565,-940,-811,-928,-864,-29977,-29978]} 1. d4 Nf6 2. Nf3 e6 3. c4 a6 4. Nc3 d5 5. cxd5 exd5 6. Bg5 {D37: Queen's Gambit Declined: 5 Bf4} Be6 7. e3 Nbd7 8. Bd3 c6 (8... h6 9. Bf4 g5 10. Bg3 Nh5 11. Be5 Nhf6 12. Bg3 Nh5 13. Qb3 Nxg3 14. hxg3 {½-½ (48) Karjakin,S (2773)-Caruana,F (2822) Saint Louis 2018}) 9. O-O Bd6 10. Bf4 {LiveBook: 18 Games} Qb8 11. Bxd6 Qxd6 12. Rc1 $146 ({Predecessor:} 12. Qc2) 12... Bg4 13. h3 Bh5 14. Be2 O-O 15. Ne1 Bg6 16. Bd3 Rfe8 17. Bxg6 hxg6 18. Nd3 Ne4 19. Nxe4 Rxe4 20. Qb3 Rb8 21. Rc3 g5 22. Rfc1 Qh6 (22... g4 $11) 23. Nc5 (23. Ne5 $1 $14 Rxe5 24. dxe5) 23... Nxc5 $15 24. Rxc5 Qd6 25. Re1 f5 26. f3 Rh4 {...Qg3 is the strong threat.} 27. Qc2 Rf8 28. Qf2 Rh6 29. Rc3 {[#]} (29. Rf1 $15) 29... Re8 (29... g4 $1 $17 {[%mdl 512]} 30. hxg4 (30. fxg4 fxg4) 30... Qh2+ 31. Kf1 fxg4) 30. Rc2 {[#]} g4 $1 {[%mdl 512]} 31. hxg4 (31. fxg4 fxg4) 31... Qh2+ 32. Kf1 fxg4 33. f4 (33. Ke2 $17) 33... g3 (33... Rf6 $19 {has better winning chances. And now ...g3 would win.} 34. g3 Qh1+ 35. Ke2 Qe4) 34. Qf3 $17 Rhe6 $36 {[%mdl 2048] aiming for ...Qh1+. White is under strong pressure.} 35. Rc3 {[#]} (35. Ke2 $17) 35... g5 $1 {[%mdl 512]} 36. Ke2 (36. fxg5 Rf8) 36... gxf4 {White must now prevent ...Rxe3+.} 37. Qg4+ {[#]} (37. Kd1 $17) 37... Kf7 $1 $19 38. Kd1 Qxg2 39. Qxf4+ $2 (39. Qf5+ {is a better chance.} Ke7 40. Qxf4) 39... Rf6 40. Qg4 {If only White now had time for e4....} Qf3+ 41. Qxf3 Rxf3 {KRR-KRR} 42. Kd2 $2 (42. Rg1) 42... Kg6 43. Rb3 Re7 44. Rh1 Kg5 45. Rh8 Rg7 46. Rc3 g2 {Precision: White = 34%, Black = 56%.} 0-1

[Event "Tata Steel India 2018-Blitz"]
[Site "Kolkata"]
[Date "2018.11.14"]
[Round "10"]
[White "Ganguly, Surya Shekhar"]
[Black "Nakamura, Hikaru"]
[Result "0-1"]
[WhiteElo "2615"]
[BlackElo "2746"]
[Annotator "TA"]
[PlyCount "70"]
[EventDate "2018.11.09"]
[EventType "tourn"]
[EventCountry "IND"]
[SourceTitle "playchess.com"]
[Source "ChessBase"]
[SourceQuality "1"]

{[%evp 17,70,-17,-13,-20,-9,-20,-9,-16,0,-23,-23,-33,-22,-52,-13,-42,-49,-56,-59,-63,-60,-56,-65,-88,-83,-127,-127,-119,-118,-127,-127,-116,-117,-169,-162,-277,-268,-365,-347,-632,-579,-1035,-1048,-992,-978,-941,-932,-1377,-1338,-1625,-1343,-1579,-1387,-2064,-2021]} 1. c4 e6 2. Nc3 b6 3. d4 Bb7 4. a3 Nf6 5. Nf3 d5 6. e3 Nbd7 7. cxd5 exd5 8. Bd3 Bd6 9. O-O O-O 10. Qc2 {E14: Queen's Indian: Classical Variation (4 e3)} (10. Nb5 Be7 11. Bd2 a6 12. Nc3 Bd6 13. Ne2 Ne4 14. Rc1 Qe7 15. Ng3 g6 16. Bb4 c5 17. dxc5 bxc5 {½-½ (33) Papaioannou,I (2634)-Bogner,S (2619) Batumi 2018}) 10... a6 11. b4 Re8 12. Bb2 {The position is equal.} Ne4 13. Ne2 $146 ({Predecessor:} 13. Rfd1 Qf6 14. Be2 Re6 15. Qb3 Qf5 16. g3 Rh6 17. Nxe4 dxe4 {0-1 (27) Sultana,Z (1861)-Hegde,R (2163) Chennai 2017}) 13... Qe7 14. Ng3 g6 15. Rac1 Rac8 16. Qe2 b5 17. Rc2 Nb6 18. Ne5 Nxg3 19. hxg3 Nc4 20. Nf3 Ra8 21. Qe1 {[#]} a5 $1 22. bxa5 Bxa3 23. Bxa3 Qxa3 24. Qe2 Rxa5 25. Nh2 (25. Rb1 $17) 25... Bc8 26. Bxc4 (26. Rfc1 {was called for.}) 26... dxc4 $19 {[%cal Bd5c4,Bc4c3][%mdl 32]} ({Don't play} 26... bxc4 27. Qd1 $19) 27. g4 c3 28. f4 $2 (28. Rb1) 28... b4 {Black is clearly winning.} 29. f5 Ba6 30. Qf3 Bxf1 31. Nxf1 Qb3 32. Rf2 Qd5 33. Qf4 Qd6 {[#] White must now prevent ...Qxf4.} 34. Qh6 gxf5 {[%cal Bg6f5,Bf5f4][%mdl 32]} 35. Qh4 f4 {Precision: White = 16%, Black = 83%.} 0-1

[Event "Tata Steel India 2018-Blitz"]
[Site "Kolkata"]
[Date "2018.11.14"]
[Round "10"]
[White "Praggnanandhaa R"]
[Black "Harikrishna, Pentala"]
[Result "1/2-1/2"]
[WhiteElo "2530"]
[BlackElo "2729"]
[Annotator "TA"]
[PlyCount "61"]
[EventDate "2018.11.09"]
[EventType "tourn"]
[EventCountry "IND"]
[SourceTitle "playchess.com"]
[Source "ChessBase"]
[SourceQuality "1"]

{[%evp 24,61,13,9,12,5,33,32,25,11,11,9,17,10,9,-12,-3,-2,-2,-9,-7,-4,-8,-8,-2,-3,-3,-5,0,0,0,0,0,-5,-4,-12,-5,-12,-4,-10]} 1. e4 e5 2. Nf3 Nc6 3. Bc4 Bc5 4. O-O Nf6 5. d3 O-O 6. h3 d6 7. c3 h6 8. Bb3 a6 {C54: Giuoco Piano: 4 c3 Nf6, main lines with 5 d4 and 5 d3} 9. Re1 Re8 10. Nbd2 Be6 11. Bc2 d5 12. exd5 Bxd5 (12... Qxd5 13. b4 Bf8 14. a4 b5 {½-½ (60) Aronian,L (2764)-Karjakin,S (2782) Paris 2018}) 13. b4 {LiveBook: 7 Games} Ba7 14. Bb2 {[#]} Qd7 $146 ({Predecessor:} 14... Nh5 15. a4 Nf4 16. b5 {½-½ (28) Cruzado Duenas,C (2569)-Zidu,J (2590) ICCF email 2016}) 15. a4 b5 16. axb5 axb5 {The position is equal.} 17. c4 Bxf3 18. Nxf3 {[%cal Re1e5]} Nxb4 (18... e4 {feels hotter.} 19. dxe4 Nxb4 20. Qe2 Qc6 21. Bb1 Qxc4 22. Qd2 Rad8) 19. Nxe5 Qf5 20. Re2 {aiming for Bb3.} bxc4 21. dxc4 Nxc2 22. Qxc2 Qxc2 23. Rxc2 Bc5 24. Rxa8 Rxa8 25. Nd3 Be7 26. Re2 Kf8 27. g3 Ra4 28. Bxf6 Bxf6 29. Re4 g6 30. Nc5 Ra1+ 31. Kg2 {Precision: White = 65%, Black = 60%.} 1/2-1/2